Responses for Show #8541 - Monday, December 27, 2021

Amy Schneider game 19.

Contestants

[<< previous game]

Donna Lettow, a digital accessibility specialist from Baltimore, Maryland

Ashley Castle, an antiques dealer from West Pawlet, Vermont

Amy Schneider, an engineering manager from Oakland, California (whose 18-day cash winnings total $706,800)

[next game >>]

Jeopardy! Round responses

CLASSIC NOVELS
MIX-OLOGY
BUSINESS NAMES
YOU STUBBED YOUR TOE ON LIVE TV
(Ken: Here are some things you can say without annoying the censors.)
NOAHS
ARKANSAS
    $200 7
Animal Farm

Amy
    $200 12
biology

Amy
    $200 19
convenience

Donna
    $200 1
shoot

Triple Stumper
    $200 6
Trevor Noah

Amy
    $200 26
Little Rock

Amy
    $400 8
Heathcliff

Amy
    $400 13
paleontology

Amy
    $400 20
(Ken: That's right, pfefferminz with a "Z", in German.)

peppermint

Amy
    $400 2
rats

Amy
    $400 17
Noah Webster

Amy
    $400 27
Popeye

Amy
    $1,200 9
The Prince and the Pauper

Amy
    $600 14
audiology

Donna
    $600 21
electronics

Amy
    $600 3
tartar sauce

Donna
    $600 18
Thor

Ashley
    $600 28
Diamonds

Amy
    $800 10
Black Beauty

Donna
    $800 15
primatology

Amy
    $800 22
Five Guys

Donna
    $800 4
God bless

Donna
    $800 24
income tax

Amy
    $800 29
(Ashley: What are the Appalachians?)

the Ozarks

AmyAshley
    $1000 11
the scarlet pimpernel

Donna
    $1000 16
(Ken: Very good, the science of blood.)

hematology

Amy
    $1000 23
(Ken: Joseph Coulombe, that's correct.)

Trader Joe's

Amy
    $1000 5
Judas Priest

Donna
    $1000 25
Marriage Story

Triple Stumper
    $1000 30
razorbacks

Ashley

Scores at the first commercial break (after clue 15):

Amy Ashley Donna
$3,800 $0 $4,800

Scores at the end of the Jeopardy! Round:

Amy Ashley Donna
$10,000 $800 $5,800

Double Jeopardy! Round responses

THE 4th CENTURY
GEOGRAPHY
PAINTINGS
WINGS, BUT NO FLY
MUSICAL 3‑INITIALers
BEFORE & AFTER
    $400 13
a monastery

Amy
    $400 7
Denali

Amy
    $400 1
Venus

Amy
    $400 21
chair

Donna
    $400 2
Electric Light Orchestra

Amy
    $400 26
a stitch in time saves Nine Lives

Amy
    $6,000 15
the Olympics

Amy
    $800 8
Morocco

Amy
    $800 11
Martin Luther

Donna
    $800 22
Red Bull

Amy
    $800 3
Machine Gun Kelly

Triple Stumper
    $800 27
pardon my French horn

Amy
    $1200 16
a tsunami

Donna
    $1200 9
Loch Ness

Amy
    $1200 12
David Hockney

Triple Stumper
    $1200 23
Buffalo

Donna
    $1200 4
Olivia Newton-John

Amy
    $1200 28
beware the Ides of March Madness

Ashley
    $1600 17
Creed

Amy
    $1600 10
(Amy: What are the "Seashells", the Seychelles?)

the Maldives

AmyAshley
    $1600 19
La Grande Jatte

Donna
    $1600 24
proscenium

Donna
    $1600 5
Bachman-Turner Overdrive

Ashley
    $1600 29
(Ashley: What is "I Left My Heart In San Francisco...")

I Left My Heart In San Francisco Pizarro

AmyAshley
    $2000 18
the Visigoths

Ashley
    $4,000 14
Cayenne

Amy
    $2000 20
Constable

Triple Stumper
    $2000 25
Louis XVI

Amy
    $2000 6
Guided by Voices

Amy
    $2000 30
one if by land, two if by sea lion

Ashley

Scores at the end of the Double Jeopardy! Round:

Amy Ashley Donna
$32,400 $7,600 $12,600
(lock game)

[wagering suggestions for these scores]

Final Jeopardy! Round responses

20th CENTURY THEATER
(Ken: [To Ashley] Samuel Beckett, the playwright, was Irish, but for some reason, he wrote it in French.)
AshleyWhat is Waiting For Godot?
$7,500
DonnaWhat is Ulysees?
$12,300
AmyWhat is Waiting For Godot
$6,000
Waiting for Godot

Final scores:

Amy Ashley Donna
$38,400 $15,100 $300
19-day champion: $745,200 2nd place: $2,000 3rd place: $1,000

Game dynamics:

Coryat scores:

Amy Ashley Donna
$24,600 $7,600 $12,600
34 R
(including 3 DDs),
1 W
7 R,
2 W
14 R,
0 W

Combined Coryat: $44,800

[game clues] [game scores] [suggest correction]

Game tape date: 2021-10-12
The J! Archive is created by fans, for fans. Scraping, republication, monetization, and malicious use prohibited; this site may use cookies and collect identifying information. See terms. The Jeopardy! game show and all elements thereof, including but not limited to copyright and trademark thereto, are the property of Jeopardy Productions, Inc. and are protected under law. This website is not affiliated with, sponsored by, or operated by Jeopardy Productions, Inc. Join the discussion at JBoard.tv.